La Economía mundial y América Latina: tendencias, problemas y desafíos /
Guardat en:
| Autor principal: | |
|---|---|
| Autor corporatiu: | |
| Altres autors: | |
| Format: | Text |
| Publicat: |
Buenos Aires:
CLACSO. Asdi
|
| Matèries: | |
| Etiquetes: |
Afegir etiqueta
Sense etiquetes, Sigues el primer a etiquetar aquest registre!
|
MARC
| LEADER | 00000 a a2200000 04500 | ||
|---|---|---|---|
| 001 | 30952 | ||
| 003 | |||
| 040 | |||
| 020 | |a 987-1183-14-3 | ||
| 090 | |a 197103 |b | ||
| 100 | |a Estay Reyno, Jaime | ||
| 110 | |a CLACSO | ||
| 245 | |a La Economía mundial y América Latina: tendencias, problemas y desafíos / |c Jaime Estay Reyno | ||
| 260 | |a Buenos Aires: |b CLACSO. Asdi | ||
| 300 | |a 411 p. | ||
| 650 | |a RELACIONES ECONOMICAS | ||
| 650 | |a COMERCIO INTERNACIONAL | ||
| 650 | |a INTEGRACION ECONOMICA | ||
| 650 | |a COOPERACION ECONOMICA | ||
| 700 | |a comp | ||
| 999 | |c 6759 |d 6759 | ||



